[Event "Knighthood Blitz"]
[Site "Vishy Anand Arena"]
[Date "2020.08.01"]
[Round "2"]
[White "Shiv01"]
[Black "DusanPopovic"]
[Result "0-1"]
[WhiteElo "2062"]
[BlackElo "2459"]
[Annotator "NA"]
[PlyCount "112"]
[EventDate "2020.08.01"]
[EventType "swiss (blitz)"]

1. e4 d6 2. d4 Nf6 3. Nc3 e5 4. dxe5 dxe5 5. Qxd8+ Kxd8 6. Nf3 Bd6 7. Bg5 Nbd7 8. O-O-O a6 9. Bc4 Ke8 10. Rhe1 h6 11. Bxf6 Nxf6 12. h3 g6 13. a3 Kf8 14. Nd5 Kg7 15. Nxf6 Kxf6 16. Nd2 Ke7 17. Bb3 b5 18. Kb1 c6 19. Nf1 Bc7 20. Ne3 h5 21. Rd3 Rd8 22. Red1 Rxd3 23. Rxd3 Bb6 24. Kc1 a5 25. Kd1 a4 26. Ba2 f5 27. exf5 gxf5 28. Ke1 f4 29. Nd1 Bf5 30. Rd2 h4 31. Nc3 Bd4 32. Nd1 Bc5 33. c3 Kf6 34. f3 e4 35. fxe4 Bxe4 36. Re2 Bf5 37. Nf2 Be3 38. Nd1 Bd3 39. Nxe3 Bxe2 40. Kxe2 fxe3 41. Kxe3 Ra7 42. Bb1 Rg7 43. Be4 c5 44. Bc6 Ke5 45. Bxb5 Rxg2 46. Bxa4 Rxb2 47. Bc6 Rb6 48. Bg2 Rb3 49. Kd3 Rxa3 50. Kc4 Ra2 51. Bf3 Kd6 52. Bg4 Rf2 53. Kd3 Rf4 54. Ke3 Rf6 55. Kd3 Ke5 56. Ke3 Rf4 0-1

[Event "Knighthood Blitz"]
[Site "Vishy Anand Arena"]
[Date "2020.08.01"]
[Round "2"]
[White "Whitefalcon"]
[Black "GM Abadi"]
[Result "0-1"]
[WhiteElo "2042"]
[BlackElo "2400"]
[Annotator "TA"]
[PlyCount "88"]
[EventDate "2020.08.01"]
[EventType "swiss (blitz)"]

1. e4 e6 2. d4 d5 3. Nc3 Nf6 4. e5 Nfd7 5. f4 c5 6. Nf3 Nc6 7. Be3 Be7 8. Be2 cxd4 9. Nxd4 Qb6 10. Nxc6 Qxe3 11. Nxe7 Kxe7 12. Qd2 Qxd2+ 13. Kxd2 a6 14. a4 b6 15. Bf3 Bb7 16. Rad1 Rac8 17. Rhe1 Rc4 18. g3 Rhc8 19. Be2 R4c7 20. Bd3 Nc5 21. Re2 d4 22. Na2 Bf3 23. Rf2 Bxd1 24. Kxd1 Nxa4 25. Bxa6 Ra8 26. Nb4 Nxb2+ 27. Kd2 Nc4+ 28. Kd3 Na5 29. Kxd4 Nc6+ 30. Nxc6+ Rxc6 31. Bb7 Rd8+ 32. Ke4 Rc4+ 33. Kf3 Rc3+ 34. Kg4 Rd4 35. h4 Rdc4 36. Ba6 Rxc2 37. Rf1 R4c3 38. Rb1 Rg2 39. Rxb6 Rcxg3+ 40. Kh5 Rg6 41. Rb7+ Kd8 42. Rb8+ Kc7 43. Rb7+ Kc6 44. Rxf7 Rh6# 0-1

[Event "Knighthood Blitz"]
[Site "Vishy Anand Arena"]
[Date "2020.08.01"]
[Round "2"]
[White "chessylife"]
[Black "Vamsidasarik"]
[Result "1-0"]
[WhiteElo "2027"]
[BlackElo "1662"]
[PlyCount "67"]
[EventDate "2020.08.01"]
[EventType "swiss (blitz)"]

1. e4 b6 2. d4 Bb7 3. Bd3 g6 4. c3 Bg7 5. Ne2 d6 6. O-O Nd7 7. f4 Ngf6 8. e5 dxe5 9. fxe5 Nd5 10. a3 e6 11. c4 Ne7 12. Bg5 O-O 13. Nbc3 c5 14. d5 Nxe5 15. Be4 Qc7 16. d6 Qd7 17. dxe7 Qxd1 18. Raxd1 Rfe8 19. Bxb7 Rab8 20. Be4 f6 21. Bxf6 Bxf6 22. Rxf6 Rxe7 23. Nf4 Nxc4 24. Rxe6 Rf7 25. Bd5 Nxb2 26. Rb1 Rxf4 27. Rf6+ Kg7 28. Rxf4 Nd3 29. Rf7+ Kh6 30. Ne4 c4 31. h4 Ne5 32. Re7 Ng4 33. Ng5 c3 34. Rxh7# 1-0

[Event "Knighthood Blitz"]
[Site "Vishy Anand Arena"]
[Date "2020.08.01"]
[Round "2"]
[White "ASB"]
[Black "Fighter64"]
[Result "0-1"]
[WhiteElo "2003"]
[BlackElo "2314"]
[Annotator "NA"]
[PlyCount "146"]
[EventDate "2020.08.01"]
[EventType "swiss (blitz)"]

1. d4 Nf6 2. Bf4 g6 3. e3 Bg7 4. Nf3 b6 5. Bc4 Bb7 6. O-O O-O 7. c3 d6 8. Nbd2 Nbd7 9. h3 c5 10. Bh2 a6 11. a3 b5 12. Ba2 Rc8 13. Rb1 Qc7 14. Re1 Ne4 15. Nxe4 Bxe4 16. Rc1 Qb7 17. Qe2 Nb6 18. Bb1 Bxf3 19. Qxf3 Qxf3 20. gxf3 cxd4 21. exd4 Rc7 22. Ba2 Na4 23. Rb1 Bf6 24. Re2 a5 25. Bb3 Nb6 26. Rbe1 Rfc8 27. f4 Kf8 28. f5 gxf5 29. Bf4 b4 30. axb4 axb4 31. Bh6+ Bg7 32. Bxg7+ Kxg7 33. Rxe7 bxc3 34. bxc3 Kf6 35. Rxc7 Rxc7 36. Re3 Ra7 37. Rf3 Nc8 38. Kg2 Ne7 39. Re3 f4 40. Re4 Ng6 41. Re2 Nh4+ 42. Kh2 Ra1 43. Ra2 Rb1 44. Bc4 Rc1 45. Ra7 Nf3+ 46. Kg2 Nh4+ 47. Kh2 Rxc3 48. Rxf7+ Kg5 49. Rg7+ Kh6 50. Rg4 Nf3+ 51. Kg2 Nxd4 52. Bg8 f3+ 53. Kg3 Nf5+ 54. Kf4 Ne7 55. Rh4+ Kg7 56. Bxh7 Rc4+ 57. Be4 Ng6+ 58. Kxf3 Nxh4+ 59. Ke3 Rb4 60. f4 Kf6 61. Kf2 Nf5 62. Bf3 Rxf4 63. Kg2 Nh4+ 64. Kg3 Rxf3+ 65. Kxh4 Rf5 66. Kg4 d5 67. Kh4 d4 68. Kg4 d3 69. Kh4 d2 70. Kg3 d1=Q 71. Kh2 Rf3 72. Kg2 Qe2+ 73. Kg1 Rf1# 0-1

[Event "Knighthood Blitz"]
[Site "Vishy Anand Arena"]
[Date "2020.08.01"]
[Round "2"]
[White "Staroftheyear"]
[Black "BIGIL"]
[Result "0-1"]
[WhiteElo "1985"]
[BlackElo "1953"]
[PlyCount "54"]
[EventDate "2020.08.01"]
[EventType "swiss (blitz)"]

1. d4 Nf6 2. c4 e5 3. dxe5 Ng4 4. Bf4 Nc6 5. Nf3 Bb4+ 6. Nbd2 Qe7 7. a3 Ngxe5 8. Nxe5 Nxe5 9. e3 Bxd2+ 10. Qxd2 d6 11. Be2 O-O 12. O-O Be6 13. Rac1 f5 14. c5 g5 15. Bg3 Rad8 16. cxd6 cxd6 17. h3 Ng6 18. Rfd1 f4 19. exf4 gxf4 20. Bh2 Qg5 21. Bf3 Nh4 22. Bd5 Rde8 23. Bxb7 Re7 24. Bd5 Rf5 25. Bxe6+ Rxe6 26. Rc8+ Kf7 27. Rc7+ Kg6 0-1

[Event "Knighthood Blitz"]
[Site "Vishy Anand Arena"]
[Date "2020.08.01"]
[Round "2"]
[White "Suvrajit Saha"]
[Black "RACEKING"]
[Result "0-1"]
[WhiteElo "1977"]
[BlackElo "2389"]
[PlyCount "64"]
[EventDate "2020.08.01"]
[EventType "swiss (blitz)"]

1. d4 d5 2. Nf3 Nf6 3. Bf4 e6 4. e3 Bd6 5. Bg3 O-O 6. Nbd2 c5 7. c3 Qc7 8. Bd3 Nbd7 9. Qe2 e5 10. dxe5 Nxe5 11. Nxe5 Bxe5 12. Bxe5 Qxe5 13. h3 Re8 14. Nf3 Qc7 15. O-O h6 16. Rad1 Be6 17. Qc2 Rad8 18. Rfe1 b6 19. Bf5 Qc8 20. Bxe6 Qxe6 21. a3 Ne4 22. Nd2 Nd6 23. Nf1 Rd7 24. Ng3 Red8 25. Nh5 Qf5 26. Qxf5 Nxf5 27. Nf4 g5 28. Nd3 f6 29. Nc1 Kf7 30. Kf1 h5 31. e4 dxe4 32. Rd6 Nxd6 0-1

[Event "Knighthood Blitz"]
[Site "Vishy Anand Arena"]
[Date "2020.08.01"]
[Round "2"]
[White "Tapa1964"]
[Black "Nihalsarin"]
[Result "0-1"]
[WhiteElo "1968"]
[BlackElo "2489"]
[Annotator "NA"]
[PlyCount "78"]
[EventDate "2020.08.01"]
[EventType "swiss (blitz)"]

1. e4 d5 2. exd5 Qxd5 3. d4 Nc6 4. c4 Qxd4 5. Qxd4 Nxd4 6. Na3 e5 7. Bd3 Bb4+ 8. Bd2 Bxd2+ 9. Kxd2 Nf6 10. Nf3 Nxf3+ 11. gxf3 Be6 12. Rhe1 Nd7 13. Kc3 O-O-O 14. b4 f6 15. Nc2 Nb6 16. a4 Kb8 17. a5 Nc8 18. b5 Bf7 19. Nb4 Bg6 20. Rad1 Bxd3 21. Rxd3 Rxd3+ 22. Nxd3 Rd8 23. f4 exf4 24. Nxf4 Rg8 25. c5 Rd8 26. Kc4 b6 27. axb6 axb6 28. Ne6 Re8 29. f4 bxc5 30. Kxc5 Nd6 31. Re2 g6 32. Nd4 Rxe2 33. Nxe2 Kc8 34. Nd4 Kd7 35. Kd5 Nxb5 36. Nf3 c6+ 37. Kc5 Nc7 38. Nd4 Ne6+ 39. Nxe6 Kxe6 0-1

[Event "Knighthood Blitz"]
[Site "Vishy Anand Arena"]
[Date "2020.08.01"]
[Round "2"]
[White "kingofall"]
[Black "Gaurav306"]
[Result "0-1"]
[WhiteElo "1964"]
[BlackElo "1887"]
[Annotator "NA"]
[PlyCount "46"]
[EventDate "2020.08.01"]
[EventType "swiss (blitz)"]

1. e4 c5 2. Nf3 e6 3. d4 cxd4 4. Nxd4 a6 5. Bd3 Nf6 6. O-O Qc7 7. Re1 d6 8. c4 Nbd7 9. b3 Be7 10. Bb2 b6 11. Nd2 Bb7 12. Kh1 O-O 13. Rc1 Rad8 14. f4 Nc5 15. Bb1 Qb8 16. Rc3 Qa8 17. Qc2 e5 18. Nf5 Rfe8 19. b4 Ne6 20. fxe5 dxe5 21. Rg3 Bxb4 22. Bxe5 Bxd2 23. Rd1 Bf4 0-1

[Event "Knighthood Blitz"]
[Site "Vishy Anand Arena"]
[Date "2020.08.01"]
[Round "2"]
[White "DarkKnight8750"]
[Black "terryr"]
[Result "0-1"]
[WhiteElo "1959"]
[BlackElo "2545"]
[Annotator "NA"]
[PlyCount "32"]
[EventDate "2020.08.01"]
[EventType "swiss (blitz)"]

1. e4 e6 2. d4 d5 3. Nd2 Be7 4. Ngf3 Nf6 5. e5 Nfd7 6. Bd3 c5 7. c3 Nc6 8. O-O g5 9. Bb5 g4 10. Bxc6 bxc6 11. Ne1 Ba6 12. c4 cxd4 13. Qa4 Qb6 14. cxd5 exd5 15. f3 Bb5 16. Qc2 d3+ 0-1

[Event "Knighthood Blitz"]
[Site "Vishy Anand Arena"]
[Date "2020.08.01"]
[Round "2"]
[White "Swayham"]
[Black "Oligarkh"]
[Result "0-1"]
[WhiteElo "1924"]
[BlackElo "2674"]
[Annotator "TA"]
[PlyCount "62"]
[EventDate "2020.08.01"]
[EventType "swiss (blitz)"]

1. e4 c6 2. d4 d5 3. exd5 cxd5 4. Bd3 Nc6 5. c3 g6 6. Bf4 Bf5 7. Bxf5 gxf5 8. Nd2 e6 9. Ngf3 Nf6 10. Qe2 Bd6 11. Be5 Rg8 12. g3 Ne4 13. O-O-O Rc8 14. Kb1 Nxe5 15. Nxe5 Qb6 16. Nxe4 fxe4 17. Ka1 Bxe5 18. dxe5 Rg5 19. f4 exf3 20. Qxf3 Rxe5 21. Rhf1 Rf5 22. Qg4 Rxf1 23. Rxf1 Qd6 24. Qg7 Qf8 25. Qxh7 Rc4 26. Qd3 Qh6 27. a3 Qxh2 28. Re1 Qh5 29. Qe3 b6 30. Qf4 Rxf4 31. gxf4 Qf3 0-1

[Event "Knighthood Blitz"]
[Site "Vishy Anand Arena"]
[Date "2020.08.01"]
[Round "2"]
[White "kngopal"]
[Black "Maksim Chigaev"]
[Result "0-1"]
[WhiteElo "1924"]
[BlackElo "2534"]
[Annotator "TA"]
[PlyCount "62"]
[EventDate "2020.08.01"]
[EventType "swiss (blitz)"]

1. d4 Nf6 2. Nf3 g6 3. c4 Bg7 4. g3 O-O 5. Bg2 d6 6. O-O a6 7. Nc3 Nc6 8. d5 Na5 9. Qd3 c5 10. e4 b5 11. cxb5 axb5 12. e5 Ng4 13. exd6 exd6 14. Bg5 Qb6 15. Ne4 f5 16. Nc3 b4 17. Na4 Qa6 18. Qxa6 Bxa6 19. Rfe1 Bb5 20. Nb6 Rab8 21. a4 Be8 22. h3 Nf6 23. Re7 Rxb6 24. Ra7 Nb3 25. Re1 Ne4 26. Bf4 Bxb2 27. Rb1 Bg7 28. Rxb3 c4 29. Rb1 c3 30. Rxb4 Rxb4 31. Bxd6 Nxd6 0-1

[Event "Knighthood Blitz"]
[Site "Vishy Anand Arena"]
[Date "2020.08.01"]
[Round "2"]
[White "Kadamomm"]
[Black "irus1997"]
[Result "1-0"]
[WhiteElo "1918"]
[BlackElo "2441"]
[Annotator "NA"]
[PlyCount "145"]
[EventDate "2020.08.01"]
[EventType "swiss (blitz)"]

1. e4 c6 2. c4 d5 3. exd5 cxd5 4. cxd5 Nf6 5. Nc3 g6 6. Nf3 Bg7 7. Bc4 O-O 8. O-O a6 9. a4 Nbd7 10. Qb3 Nb6 11. d3 Bf5 12. a5 Nbd7 13. Be3 Qc7 14. Rfc1 Rac8 15. h3 h5 16. Na4 Qb8 17. Nd4 h4 18. Nxf5 gxf5 19. Nb6 Nxb6 20. Qxb6 f4 21. Bd2 f3 22. gxf3 Nd7 23. Qe3 Qd6 24. Kh1 Ne5 25. Rg1 Ng6 26. Bc3 Bxc3 27. bxc3 Kh7 28. Qg5 Rg8 29. Rab1 Rc7 30. Rb6 Qf4 31. Rxg6 Qxf3+ 32. Qg2 Qxg2+ 33. R6xg2 Rxg2 34. Rxg2 Rd7 35. Rg4 Rd6 36. Rxh4+ Kg7 37. Rg4+ Kf8 38. Kg2 b6 39. Kg3 bxa5 40. Re4 Rb6 41. Re2 Rg6+ 42. Kh2 Rf6 43. Ra2 Ke8 44. Kg2 Rg6+ 45. Kf1 Rh6 46. Rxa5 Rxh3 47. Rxa6 Kf8 48. d6 exd6 49. Rxd6 Rh1+ 50. Ke2 Ke7 51. Ra6 Rh4 52. Ra7+ Kd6 53. Rxf7 Rh5 54. Kf3 Re5 55. Kf4 Re1 56. Rf6+ Kd7 57. Kf5 Rc1 58. f4 Rxc3 59. Ke5 Rc1 60. Rf7+ Kc6 61. Bd5+ Kc5 62. Rc7+ Kb4 63. Rxc1 Kb5 64. Kd4 Kb6 65. Rc5 Ka6 66. Kc4 Kb6 67. Kb4 Ka6 68. Rb5 Ka7 69. Kc5 Ka6 70. Kc6 Ka7 71. Ra5+ Kb8 72. Kd6 Kc8 73. Ra8# 1-0

[Event "Knighthood Blitz"]
[Site "Vishy Anand Arena"]
[Date "2020.08.01"]
[Round "2"]
[White "Arunava"]
[Black "Setumadhav"]
[Result "0-1"]
[WhiteElo "1832"]
[BlackElo "1651"]
[Annotator "NA"]
[PlyCount "118"]
[EventDate "2020.08.01"]
[EventType "swiss (blitz)"]

1. d4 Nf6 2. c4 g6 3. Nc3 Bg7 4. e4 d6 5. Nf3 O-O 6. Be2 e5 7. O-O exd4 8. Nxd4 Re8 9. f3 Nc6 10. Be3 Nh5 11. Qd2 Nf4 12. Nxc6 Nxe2+ 13. Nxe2 bxc6 14. Bd4 c5 15. Bxg7 Kxg7 16. Nc3 Be6 17. b3 Qf6 18. Rad1 a6 19. f4 Bg4 20. Rde1 Qd4+ 21. Qxd4+ cxd4 22. Nd5 Rac8 23. h3 Be6 24. Rd1 Bxd5 25. exd5 Re4 26. Rf3 f5 27. g3 Rce8 28. Rfd3 Re2 29. R3d2 d3 30. a4 R2e3 31. Rxd3 Re2 32. R3d2 R2e3 33. Rd3 Re2 34. R1d2 R2e4 35. Kf2 Kf6 36. Rd1 g5 37. fxg5+ Kxg5 38. R1d2 f4 39. gxf4+ Rxf4+ 40. Rf3 Ref8 41. Rxf4 Rxf4+ 42. Ke3 Rh4 43. Rh2 Kf5 44. Rh1 Ke5 45. Kd3 Rd4+ 46. Kc3 Re4 47. a5 Re3+ 48. Kb2 Kd4 49. Rc1 Kc5 50. Ka3 Re2 51. Rd1 Re3 52. Rc1 Rxh3 53. Ka4 Rh2 54. b4+ Kd4 55. b5 axb5+ 56. cxb5 Ra2+ 57. Kb4 Rb2+ 58. Ka4 h5 59. a6 Ra2+ 0-1

[Event "Knighthood Blitz"]
[Site "Vishy Anand Arena"]
[Date "2020.08.01"]
[Round "2"]
[White "Vikas2200"]
[Black "Pabh"]
[Result "0-1"]
[WhiteElo "1823"]
[BlackElo "2397"]
[Annotator "NA"]
[PlyCount "54"]
[EventDate "2020.08.01"]
[EventType "swiss (blitz)"]

1. c4 c5 2. Nc3 Nf6 3. g3 g6 4. Bg2 Bg7 5. Nf3 Nc6 6. O-O O-O 7. d3 b6 8. a3 Bb7 9. Rb1 d5 10. cxd5 Nxd5 11. Bd2 Nd4 12. Nxd4 cxd4 13. Ne4 h6 14. g4 Qd7 15. h3 f5 16. gxf5 gxf5 17. Ng3 Kh7 18. e3 dxe3 19. fxe3 e6 20. Nh5 Rg8 21. Nxg7 Qxg7 22. Rf2 Nxe3 23. Bxe3 Bxg2 24. Qd2 Bf3+ 25. Bg5 Qxg5+ 26. Qxg5 Rxg5+ 27. Kh2 Bd5 0-1

[Event "Knighthood Blitz"]
[Site "Vishy Anand Arena"]
[Date "2020.08.01"]
[Round "2"]
[White "Krithigga2001"]
[Black "Fidodido"]
[Result "0-1"]
[WhiteElo "1820"]
[BlackElo "2339"]
[Annotator "NA"]
[PlyCount "148"]
[EventDate "2020.08.01"]
[EventType "swiss (blitz)"]

1. c4 g6 2. g3 c5 3. Bg2 Bg7 4. Nf3 Nc6 5. O-O d6 6. Nc3 Bf5 7. d3 Qd7 8. Re1 Bh3 9. Bh1 h5 10. Bd2 h4 11. a3 hxg3 12. fxg3 Rc8 13. e3 Nh6 14. b4 b6 15. bxc5 bxc5 16. Qe2 Nf5 17. Rab1 Bg4 18. Qf2 Bf6 19. Rb3 Kf8 20. Reb1 Kg7 21. Nd5 Ne5 22. Rb7 Qa4 23. Nxe5 dxe5 24. e4 Nd4 25. Nxe7 Rb8 26. Nd5 Rxb7 27. Qxf6+ Kg8 28. Rxb7 Qd1+ 29. Qf1 Ne2+ 30. Kf2 Rxh2+ 31. Bg2 Qxd2 32. Ne3 Rxg2+ 33. Nxg2 Nd4+ 34. Kg1 Nf3+ 35. Kh1 f6 36. Rb8+ Kf7 37. Rb7+ Ke6 38. Rg7 Qh6+ 39. Nh4 Nxh4 40. gxh4 Qxh4+ 41. Kg1 Qg3+ 42. Qg2 Qe3+ 43. Kh2 Qh6+ 44. Kg1 Qxg7 45. Qxg4+ Ke7 46. Qg3 Qh6 47. Qg2 Qc1+ 48. Kh2 Qf4+ 49. Kh1 g5 50. Qh3 Qh4 51. Qxh4 gxh4 52. Kg2 Kf7 53. Kh3 Kg6 54. Kxh4 f5 55. exf5+ Kxf5 56. Kg3 e4 57. d4 cxd4 58. c5 d3 59. c6 Ke6 60. c7 Kd7 61. c8=Q+ Kxc8 62. Kf4 Kd7 63. Kxe4 d2 64. Kd3 d1=Q+ 65. Kc4 Qh5 66. Kb4 Kc6 67. Kb3 Qc5 68. a4 Kd5 69. Ka2 Qc4+ 70. Ka3 Kd4 71. a5 Qc3+ 72. Ka4 Qb2 73. a6 Kc5 74. Ka5 Qb5# 0-1

[Event "Knighthood Blitz"]
[Site "Vishy Anand Arena"]
[Date "2020.08.01"]
[Round "2"]
[White "saisujan2005"]
[Black "Savithashri"]
[Result "0-1"]
[WhiteElo "1806"]
[BlackElo "1988"]
[Annotator "NA"]
[PlyCount "76"]
[EventDate "2020.08.01"]
[EventType "swiss (blitz)"]

1. d4 Nf6 2. c4 g6 3. Nc3 Bg7 4. e4 d6 5. Nf3 O-O 6. Be2 e5 7. d5 Ne8 8. O-O f5 9. exf5 gxf5 10. Bg5 Nf6 11. Ne1 f4 12. Bxf6 Qxf6 13. Ne4 Qh6 14. f3 Bf5 15. Bd3 Nd7 16. b4 Kh8 17. Rf2 Bf6 18. Nxf6 Rxf6 19. Bxf5 Rxf5 20. Qd3 Raf8 21. a4 Qg7 22. Raa2 Rg5 23. a5 Rh5 24. Qe2 Qh6 25. h3 Rg8 26. Kf1 Qg5 27. Qd2 Qg3 28. Nd3 Nf6 29. b5 Rhg5 30. Rb2 Qh4 31. a6 b6 32. Ra2 Nh5 33. Rb2 Ng3+ 34. Ke1 Nf5 35. Ke2 Re8 36. Kf1 Ne3+ 37. Ke1 e4 38. fxe4 Rxe4 0-1

[Event "Knighthood Blitz"]
[Site "Vishy Anand Arena"]
[Date "2020.08.01"]
[Round "2"]
[White "Twobrothers"]
[Black "Masters22"]
[Result "1-0"]
[WhiteElo "1771"]
[BlackElo "1620"]
[Annotator "NA"]
[PlyCount "77"]
[EventDate "2020.08.01"]
[EventType "swiss (blitz)"]

1. e4 e5 2. Nf3 Nc6 3. Bb5 d6 4. d4 Bd7 5. O-O Nge7 6. Nc3 g6 7. Bg5 a6 8. Nd5 Bg7 9. Bxc6 bxc6 10. Bxe7 Qc8 11. Bf6 Bxf6 12. Nxf6+ Kf8 13. Nxd7+ Qxd7 14. dxe5 Kg7 15. exd6 cxd6 16. Qd4+ Kg8 17. Rad1 Rd8 18. e5 d5 19. c4 Qe6 20. cxd5 cxd5 21. Qf4 Kg7 22. Ng5 Qf5 23. Qxf5 gxf5 24. Rd4 Rhe8 25. f4 h6 26. Nf3 Re6 27. Rfd1 Rb8 28. b3 Rb5 29. Rxd5 Rb7 30. Nd4 Ree7 31. Nxf5+ Kg6 32. Nxe7+ Rxe7 33. Rd6+ Kg7 34. Rxa6 Rc7 35. b4 Rb7 36. a3 h5 37. Rad6 h4 38. Rd7 Rb6 39. R1d6 1-0

[Event "Knighthood Blitz"]
[Site "Vishy Anand Arena"]
[Date "2020.08.01"]
[Round "2"]
[White "Anandgary"]
[Black "Viani A Dcunha"]
[Result "0-1"]
[WhiteElo "1763"]
[BlackElo "2239"]
[PlyCount "56"]
[EventDate "2020.08.01"]
[EventType "swiss (blitz)"]

1. e4 e5 2. Nf3 Nc6 3. d4 exd4 4. Bc4 Nf6 5. e5 d5 6. Bb5 Ne4 7. Nxd4 Bd7 8. Bxc6 bxc6 9. O-O Bc5 10. f3 Ng5 11. f4 Ne4 12. Be3 f6 13. Nd2 O-O 14. Nxe4 dxe4 15. Qe2 fxe5 16. fxe5 Qe7 17. Kh1 Qxe5 18. c3 Bd6 19. g3 c5 20. Nb3 Bh3 21. Rf2 Rxf2 22. Qxf2 Rf8 23. Qe2 Qf5 24. Nd2 Kh8 25. Re1 Bg4 26. Qc4 Bf3+ 27. Kg1 Bxg3 28. Qf1 Bxe1 0-1

[Event "Knighthood Blitz"]
[Site "Vishy Anand Arena"]
[Date "2020.08.01"]
[Round "2"]
[White "Vishvajeet Singh"]
[Black "Visakh"]
[Result "0-1"]
[WhiteElo "1744"]
[BlackElo "2477"]
[PlyCount "74"]
[EventDate "2020.08.01"]
[EventType "swiss (blitz)"]

1. e4 c5 2. c4 g6 3. Nc3 Bg7 4. g3 Nc6 5. Bg2 e6 6. Nge2 Nge7 7. O-O O-O 8. d3 Rb8 9. Be3 Nd4 10. Rb1 Nec6 11. a3 a5 12. b3 b6 13. Nb5 Bb7 14. Nexd4 Nxd4 15. Nxd4 cxd4 16. Bc1 f5 17. Bb2 f4 18. f3 Qg5 19. Qd2 Be5 20. g4 h5 21. h3 hxg4 22. fxg4 Qe7 23. Qf2 Qd6 24. b4 axb4 25. axb4 Ra8 26. Bf3 Ra2 27. Qe1 Rfa8 28. Rf2 Bc6 29. b5 Bb7 30. Rh2 R8a4 31. h4 Qb4 32. Qc1 Qb3 33. Bxd4 Bxd4+ 34. Kh1 Qxd3 35. Rxa2 Qxf3+ 36. Rg2 Qh3+ 37. Rh2 Bxe4# 0-1

[Event "Knighthood Blitz"]
[Site "Vishy Anand Arena"]
[Date "2020.08.01"]
[Round "2"]
[White "Sairam Ramabadra"]
[Black "Bestluck"]
[Result "0-1"]
[WhiteElo "1715"]
[BlackElo "2112"]
[PlyCount "50"]
[EventDate "2020.08.01"]
[EventType "swiss (blitz)"]

1. e4 d6 2. d4 Nf6 3. Nc3 e5 4. dxe5 dxe5 5. Qxd8+ Kxd8 6. Bc4 Ke8 7. Nf3 Bd6 8. O-O a6 9. a4 h6 10. h3 Ke7 11. Be3 Be6 12. Bxe6 Kxe6 13. Rfd1 Nc6 14. Nd2 Nb4 15. Rdc1 Rad8 16. Na2 Nxa2 17. Rxa2 Bb4 18. c3 Bc5 19. Bxc5 Rxd2 20. f3 Rhd8 21. Kf1 Nh5 22. Be3 Ng3+ 23. Kg1 Ne2+ 24. Kf1 Nxc1 25. Bxd2 Nxa2 0-1

[Event "Knighthood Blitz"]
[Site "Vishy Anand Arena"]
[Date "2020.08.01"]
[Round "2"]
[White "Mandy64theking"]
[Black "Subhranp"]
[Result "1-0"]
[WhiteElo "1692"]
[BlackElo "1395"]
[Annotator "NA"]
[PlyCount "61"]
[EventDate "2020.08.01"]
[EventType "swiss (blitz)"]

1. e4 c5 2. Nc3 d6 3. f4 Nc6 4. Nf3 Nf6 5. Bb5 Bd7 6. d3 g6 7. O-O Bg7 8. e5 dxe5 9. fxe5 Nh5 10. Ng5 Nxe5 11. Bc4 Nxc4 12. dxc4 O-O 13. Nd5 Nf6 14. Nf4 Bc6 15. Qe2 e6 16. c3 Qc7 17. Nfxe6 fxe6 18. Qxe6+ Kh8 19. Bf4 Qd7 20. Qe1 Rae8 21. Qh4 Qg4 22. Qf2 Ne4 23. Nxe4 Bxe4 24. h3 Qd7 25. Qg3 Bf5 26. Rad1 Qe7 27. Rfe1 Qf7 28. Rxe8 Rxe8 29. Be5 Bxe5 30. Qxe5+ Rxe5 31. Rd8+ 1-0

[Event "Knighthood Blitz"]
[Site "Vishy Anand Arena"]
[Date "2020.08.01"]
[Round "2"]
[White "Davidcheetah"]
[Black "ABCD64"]
[Result "1-0"]
[WhiteElo "1672"]
[BlackElo "1624"]
[Annotator "NA"]
[PlyCount "65"]
[EventDate "2020.08.01"]
[EventType "swiss (blitz)"]

1. d4 Nf6 2. Nf3 e6 3. Bg5 d5 4. Nbd2 Be7 5. e3 h6 6. Bh4 O-O 7. Bd3 Nbd7 8. c3 b6 9. O-O Bb7 10. a4 a6 11. h3 Ne4 12. Bxe7 Qxe7 13. Ne1 f5 14. Ndf3 c5 15. Rc1 c4 16. Bc2 b5 17. a5 Rad8 18. Bxe4 fxe4 19. Nd2 e5 20. Nc2 Nf6 21. Nb4 exd4 22. exd4 e3 23. fxe3 Qxe3+ 24. Kh2 Ne4 25. Nxe4 Qxe4 26. Qd2 Rxf1 27. Rxf1 Rf8 28. Rxf8+ Kxf8 29. Qf2+ Kg8 30. Qg3 Qe7 31. Qe5 Qxe5+ 32. dxe5 Kf7 33. Kg3 1-0

[Event "Knighthood Blitz"]
[Site "Vishy Anand Arena"]
[Date "2020.08.01"]
[Round "2"]
[White "Surisai"]
[Black "STRANGE"]
[Result "0-1"]
[WhiteElo "1623"]
[BlackElo "2443"]
[Annotator "TA"]
[PlyCount "60"]
[EventDate "2020.08.01"]
[EventType "swiss (blitz)"]

1. e4 Nf6 2. e5 Nd5 3. d4 d6 4. exd6 cxd6 5. Nf3 g6 6. c4 Nb6 7. Nc3 Bg7 8. Be2 O-O 9. O-O Nc6 10. d5 Na5 11. Qa4 Nd7 12. Bd2 Nc5 13. Qc2 Bf5 14. Qc1 Nd3 15. Bxd3 Bxd3 16. Re1 Nxc4 17. Bg5 Re8 18. b3 Nb6 19. Qd2 Rc8 20. Rac1 Bf5 21. Nd4 Bd7 22. a4 Rc5 23. Be3 Nxd5 24. Nxd5 Rxd5 25. Rc4 e5 26. Bg5 Qb8 27. Nc6 bxc6 28. Qe3 Rd4 29. Rxd4 exd4 30. Qxe8+ Bxe8 0-1

[Event "Knighthood Blitz"]
[Site "Vishy Anand Arena"]
[Date "2020.08.01"]
[Round "2"]
[White "Anshuman Upadhyay"]
[Black "Dr_Deep_Chesh"]
[Result "0-1"]
[WhiteElo "1620"]
[BlackElo "1477"]
[Annotator "NA"]
[PlyCount "46"]
[EventDate "2020.08.01"]
[EventType "swiss (blitz)"]

1. e4 e6 2. Nf3 d5 3. exd5 exd5 4. Nc3 c6 5. Be2 Nf6 6. O-O Bd6 7. Re1 O-O 8. d4 h6 9. Bd3 Bg4 10. h3 Bh5 11. Bd2 Nbd7 12. a3 b5 13. b4 Nb6 14. g4 Bg6 15. Bxg6 fxg6 16. Qe2 Qe8 17. Qd3 Qf7 18. Nh4 g5 19. Ng6 Rfe8 20. Rxe8+ Rxe8 21. Re1 Rxe1+ 22. Bxe1 Nc4 23. Nb1 Bf4 0-1

[Event "Knighthood Blitz"]
[Site "Vishy Anand Arena"]
[Date "2020.08.01"]
[Round "2"]
[White "Beastmaari"]
[Black "Mraa"]
[Result "1-0"]
[WhiteElo "1620"]
[BlackElo "1486"]
[Annotator "NA"]
[PlyCount "47"]
[EventDate "2020.08.01"]
[EventType "swiss (blitz)"]

1. d4 d5 2. Nf3 e6 3. Bf4 Nf6 4. e3 Be7 5. Bd3 O-O 6. Nbd2 Nbd7 7. c3 c5 8. h4 cxd4 9. exd4 a6 10. Ne5 Nxe5 11. Bxe5 Nd7 12. Rh3 Bf6 13. Nf3 Nxe5 14. dxe5 Be7 15. Bc2 f5 16. exf6 Bxf6 17. Ng5 Bxg5 18. hxg5 g6 19. Qd2 Qe7 20. O-O-O b5 21. Rdh1 Rf7 22. Bxg6 hxg6 23. Rh8+ Kg7 24. R1h7# 1-0

[Event "Knighthood Blitz"]
[Site "Vishy Anand Arena"]
[Date "2020.08.01"]
[Round "2"]
[White "Fire_on_board"]
[Black "Arvind0899"]
[Result "1-0"]
[WhiteElo "1620"]
[BlackElo "1702"]
[Annotator "NA"]
[PlyCount "89"]
[EventDate "2020.08.01"]
[EventType "swiss (blitz)"]

1. Nf3 c5 2. g3 d6 3. d3 Nf6 4. Nbd2 g6 5. Bg2 Bg7 6. O-O O-O 7. e4 Nc6 8. a4 Be6 9. Nc4 d5 10. exd5 Nxd5 11. Ng5 Nd4 12. Nxe6 Nxe6 13. c3 a6 14. Qb3 Rb8 15. a5 Nf6 16. Be3 Qxd3 17. Rad1 Qf5 18. h3 h5 19. Nb6 Rfd8 20. Rxd8+ Rxd8 21. Rd1 Rxd1+ 22. Qxd1 Ne4 23. Qd5 Qxd5 24. Nxd5 Nd6 25. Nxe7+ Kf8 26. Nd5 Nc4 27. b4 cxb4 28. cxb4 Nxe3 29. fxe3 Bb2 30. Kf2 Ke8 31. Ke2 Kd7 32. Kd3 Be5 33. g4 hxg4 34. hxg4 Bd6 35. Kc4 Nc7 36. Nb6+ Kd8 37. Bxb7 Bg3 38. Nd5 Bf2 39. e4 Be1 40. Nxc7 Kxc7 41. Bxa6 Kc6 42. Bb5+ Kb7 43. Be8 f6 44. Bxg6 Kc6 45. Bf7 1-0

[Event "Knighthood Blitz"]
[Site "Vishy Anand Arena"]
[Date "2020.08.01"]
[Round "2"]
[White "Gowthamchess1356"]
[Black "Thee_Riddler"]
[Result "0-1"]
[WhiteElo "1620"]
[BlackElo "1620"]
[Annotator "NA"]
[PlyCount "94"]
[EventDate "2020.08.01"]
[EventType "swiss (blitz)"]

1. d4 d5 2. c4 Nf6 3. Nc3 e6 4. Nf3 b6 5. Bg5 Bb7 6. e3 Nbd7 7. Bd3 Bd6 8. O-O O-O 9. Rc1 h6 10. Bh4 Qe8 11. cxd5 exd5 12. Re1 Ne4 13. Bxe4 dxe4 14. Nd2 f5 15. Bg3 Qg6 16. Ne2 Rac8 17. Nc4 Bxg3 18. hxg3 c5 19. Nf4 Qc6 20. b3 g5 21. Ne2 Rcd8 22. Qc2 Qf6 23. Red1 Rfe8 24. Qc3 Ba6 25. a4 cxd4 26. Nxd4 Nc5 27. Nb2 Nd3 28. Nxd3 Bxd3 29. Qc7 f4 30. exf4 Rxd4 31. Qxa7 Red8 32. Rc7 gxf4 33. gxf4 R4d6 34. g3 Qe6 35. Rg7+ Kf8 36. Rh7 R8d7 37. Qb8+ Rd8 38. Qc7 R6d7 39. Qc3 Rxh7 40. Qb4+ Qe7 41. Qxe7+ Kxe7 42. b4 Bc2 43. a5 Rxd1+ 44. Kg2 bxa5 45. bxa5 Ra1 46. a6 Ra5 47. a7 Rxa7 0-1